Statistics for Percy Jackson Characters

Click here to take the quiz!

General Stats

  • This quiz has been taken 37 times
  • The average score is 23 of 36

Answer Stats

Hint
Answer% Correct
The Main CharacterPercy Jackson
100%
Daughter of HadesBianca Di Angelo
93%
Best Friend of AboveGrover Underwood
93%
Son Of HadesNico Di Angelo
93%
Daughter Of ZeusThalia Grace
93%
Braniac Daughter of AthenaAnnabeth Chase
90%
Son of JupiterJason Grace
90%
Cyclops Son of PoseidonTyson
90%
Boyfriend of AboveWill Solace
90%
Percy's MomSally Jackson
86%
Daughter of AresClarisse La Rue
83%
Scrawny Son of HephaestusLeo Valdez
83%
Girlfriend of AbovePiper Maclean
83%
Daughter of AtlasZoe Nightshade
83%
Percy's New StepfatherPaul Blofis
79%
Blacksmith Son of HephaestusCharles Beckendorf
76%
Abusive Husband of AboveGabe Ugliano
76%
Sorceress on OgygiaCalypso
69%
Roman Son of AresFrank Zhang
69%
Childhood Friend of AboveLuke Castellan
69%
Eye-Patch KidEthan Nakamura
62%
Centaur Leader of Camp Half-BloodChiron
59%
Girlfriend of AboveHazel Levesque
59%
Bronze DragonFestus
52%
Red-Headed OracleRachel-Elizabeth Dare
52%
Genius HarpyElla
48%
Augur of New RomeOctavian
45%
Sister of AboveHylla
38%
Second In-Command of AbovePhoebe
38%
Former Head Counsellor of Aphrodite CabinDrew Tanaka
34%
Megalomaniac GoatCoach Hedge
31%
Wife of AboveMellie
24%
Love Interest of AboveSelena Beauregard
24%
Praetor of New RomeReyna Ramirez Arellano
21%
Burly Son of IrisButch
17%
Sons of DionysusPollux
Castor
14%

Score Distribution

Percentile by Number Answered

Percent of People with Each Score

Your Score History

You have not taken this quiz